[Event "GER-chT U14 Girls"]
[White "Wolf, Carolin"]
[Black "Rapp, Maira Alica"]
[Site "Dittrichshuette"]
[Round "4.2"]
[Result "1-0"]
[Date "2004.12.29"]
[WhiteElo "1508"]
[BlackElo "954"]
[PlyCount "89"]
[EventDate "2004.12.27"]
[EventType "team-tourn"]
[EventRounds "6"]
[EventCountry "GER"]
[SourceTitle "EXT 2006"]
[Source "ChessBase"]
[SourceDate "2005.11.24"]
[SourceVersion "1"]
[SourceVersionDate "2005.11.24"]
[SourceQuality "1"]

1. e4 e5 2. d4 Nc6 3. d5 Na5 4. Nf3 d6 5. b4 Nc6 6. dxc6 bxc6 7. c4 Nf6 8. Nc3 Be7 9. Be2 0-0 10. a3 h6 11. 0-0 Nh7 12. Qc2 Bf6 13. Rd1 Qe7 14. Be3 Re8 15. Rab1 Qe6 16. b5 cxb5 17. Nxb5 Bd8 18. Nc3 Qg6 19. Qa4 f6 20. Qc6 Bh3 21. Nh4 Qf7 22. Qxa8 Bd7 23. Qd5 Be6 24. Qa8 f5 25. Nxf5 Bxf5 26. exf5 Nf6 27. Nd5 Nxd5 28. Qxd5 Qxd5 29. Rxd5 Rf8 30. c5 Rxf5 31. cxd6 cxd6 32. Rb8 Rf8 33. Rxd6 Bc7 34. Rxf8+ Kxf8 35. Rd7 Ba5 36. Bc5+ Ke8 37. Rxa7 e4 38. Rxa5 Kd7 39. Ra6 Kc7 40. Bb5 Kb7 41. Ra7+ Kb8 42. Rxg7 Kc8 43. Bc6 Kd8 44. Bd6 Kc8 45. Rg8# 1-0